000 00645nam a2200157 i 4500
001 185537
003 ES-MaACL
005 20230906222448.0
008 160630s1881 sp |||| | spa d
245 0 0 _aManifestación proteccionista celebrada el día 4 de Abril de 1881 en el teatro Principal de Barcelona por iniciativa del Instituto de Fomento del Trabajo Nacional.
260 _aBarcelona :
_b[s.n.],
_c1881 (
_fN. Ramírez y Compañia)
300 _a36 p. ;
_c22 cm.
650 0 4 _aProteccionismo-
_zEspaña.
_916514
852 _aES-MaACL
_jT-376-F-15
_z.- Enc. en un vol. facticio falto de la cub. original
852 _aES-MaACL
_jT-353-F-10
999 _c185537
_d185537